Vista normal Vista MARC

Entrada Topical Term

Número de registros utilizados en: 1

001 - CONTROL NUMBER

  • control field: 6703

003 - CONTROL NUMBER IDENTIFIER

  • control field: OSt

005 - DATE AND TIME OF LATEST TRANSACTION

  • control field: 20200706105339.0

008 - FIXED-LENGTH DATA ELEMENTS

  • fixed length control field: 200706|| aca||aabn | a|a d

040 ## - CATALOGING SOURCE

  • Original cataloging agency: OSt
  • Transcribing agency: OSt

150 ## - HEADING--TOPICAL TERM

  • Topical term or geographic name entry element: Leyendas españolas

670 ## - SOURCE DATA FOUND

  • Source citation: Work cat.: (OSt)3299: Dalmases Pardo, Antoni, 1953 autor 6702, La leyenda del rey Arturo y sus caballeros / , 2012